Understanding dispensationalists / (Record no. 1200)

MARC details
000 -LEADER
fixed length control field 00967cam a2200277 a 4500
001 - CONTROL NUMBER
control field 1108329
003 - CONTROL NUMBER IDENTIFIER
control field AUA.1
005 - DATE AND TIME OF LATEST TRANSACTION
control field 20160608192041.0
008 - FIXED-LENGTH DATA ELEMENTS--GENERAL INFORMATION
fixed length control field 931014s1994 njua b 000 0 eng
010 ## - LIBRARY OF CONGRESS CONTROL NUMBER
LC control number 93039295
020 ## - INTERNATIONAL STANDARD BOOK NUMBER
International Standard Book Number 0875523749
040 ## - CATALOGING SOURCE
Original cataloging agency DLC
Transcribing agency DLC
Modifying agency DLC
050 00 - LIBRARY OF CONGRESS CALL NUMBER
Classification number BT 157
Item number .P68 1994
082 00 - DEWEY DECIMAL CLASSIFICATION NUMBER
Classification number 230/.046
Edition number 20
100 1# - MAIN ENTRY--PERSONAL NAME
Personal name Poythress, Vern S.
9 (RLIN) 4285
245 10 - TITLE STATEMENT
Title Understanding dispensationalists /
Statement of responsibility, etc Vern S. Poythress.
250 ## - EDITION STATEMENT
Edition statement 2nd ed.
260 ## - PUBLICATION, DISTRIBUTION, ETC. (IMPRINT)
Place of publication, distribution, etc Phillipsburg, N.J. :
Name of publisher, distributor, etc P&R Pub.,
Date of publication, distribution, etc 1994.
300 ## - PHYSICAL DESCRIPTION
Extent 142 p. :
Other physical details ill. ;
Dimensions 22 cm.
504 ## - BIBLIOGRAPHY, ETC. NOTE
Bibliography, etc Includes bibliographical references (p. 138-142).
650 #0 - SUBJECT ADDED ENTRY--TOPICAL TERM
Topical term or geographic name as entry element Dispensationalism.
9 (RLIN) 4286
650 #0 - SUBJECT ADDED ENTRY--TOPICAL TERM
Topical term or geographic name as entry element Covenant theology.
9 (RLIN) 4287
906 ## - LOCAL DATA ELEMENT F, LDF (RLIN)
a 7
b cbc
c orignew
d 1
e ocip
f 19
g y-gencatlg
942 ## - ADDED ENTRY ELEMENTS (KOHA)
Source of classification or shelving scheme Library of Congress Classification
Koha item type Books
Classification part BT 157
Item part .P68 1994
Holdings
Withdrawn status Lost status Source of classification or shelving scheme Damaged status Not for loan Collection code Home library Current library Shelving location Date acquired Source of acquisition Cost, normal purchase price Serial Enumeration / chronology Total Checkouts Total Renewals Full call number Barcode Date last seen Date checked out Cost, replacement price Price effective from Koha item type
    Library of Congress Classification     Books Judith Thomas Library Judith Thomas Library General Stacks 30/09/2011 Bought by JTL 10.00 AUA001389 2 1 BT157 .P68 1994 AUA001389 13/03/2017 02/03/2017 10.00 30/09/2011 Books